Paris et le nationalisme des avant-gardes : 1909-1924
Saved in:
| Main Author: | |
|---|---|
| Document Type: | Book |
| Language: | French |
| Published: |
Paris
: Hermann
, [2018]
|
| Subjects: | |
| Online Access: | Inhaltsverzeichnis Inhaltsverzeichnis |
| Related Items: | Rezensiert in:
[Rezension von: Thomas Hunkeler, Paris et le nationalisme des avant-gardes 1909-1924] |
| Author Notes: | Thomas Hunkeler |
| LEADER | 04109cam a2200829 c 4500 | ||
|---|---|---|---|
| 001 | 1031190333 | ||
| 003 | DE-627 | ||
| 005 | 20260206151721.0 | ||
| 007 | tu | ||
| 008 | 180921s2018 fr ||||| 00| ||fre c | ||
| 020 | |a 9782705697440 |q : 25,00 EUR |9 978-2-7056-9744-0 | ||
| 035 | |a (DE-627)1031190333 | ||
| 035 | |a (DE-603)452635667 | ||
| 035 | |a (DE-576)512028001 | ||
| 035 | |a (DE-599)BVBBV045199022 | ||
| 035 | |a (OCoLC)1054396908 | ||
| 035 | |a (OCoLC)1054396908 | ||
| 035 | |a (DE-604)BV045199022 | ||
| 035 | |a (ZDB-21-EIL)4382484 | ||
| 040 | |a DE-627 |b ger |c DE-627 |e rda | ||
| 041 | |a fre | ||
| 044 | |c XA-FR | ||
| 050 | 0 | |a N6850 | |
| 082 | 0 | |a 700 |q BVB | |
| 082 | 0 | |a 709 |2 14 | |
| 084 | |a KUNST |q DE-16 |2 fid | ||
| 084 | |a IH 1429 |2 rvk |0 (DE-625)rvk/56496: | ||
| 084 | |a LM 10190 |2 rvk |0 (DE-625)rvk/101011: | ||
| 084 | |a 20.30 |2 bkl | ||
| 100 | 1 | |a Hunkeler, Thomas |d 1965- |e VerfasserIn |0 (DE-588)1054441111 |0 (DE-627)791526917 |0 (DE-576)410275743 |4 aut | |
| 245 | 1 | 0 | |a Paris et le nationalisme des avant-gardes |b 1909-1924 |c Thomas Hunkeler |
| 264 | 1 | |a Paris |b Hermann |c [2018] | |
| 300 | |a 260 Seiten |c 21 cm | ||
| 336 | |a Text |b txt |2 rdacontent | ||
| 337 | |a ohne Hilfsmittel zu benutzen |b n |2 rdamedia | ||
| 338 | |a Band |b nc |2 rdacarrier | ||
| 500 | |a Includes bibliographical references and index | ||
| 583 | 1 | |a Archivierung/Langzeitarchivierung gewährleistet |f FID |x XA-DE-BW |2 pdager |5 DE-16 | |
| 583 | 1 | |a Archivierung/Langzeitarchivierung gewährleistet |f SLG |z Frankreichforschung |2 pdager |5 DE-77 | |
| 648 | 7 | |a Geschichte 1909-1924 |2 gnd | |
| 650 | 0 | |a Art |x Political aspects |z France |z Paris |x History |y 20th century | |
| 650 | 0 | |a Avant-garde (Aesthetics) |z France |z Paris |x History |y 20th century | |
| 650 | 0 | |a Nationalism |z France |x History |y 20th century | |
| 650 | 0 | |a World War, 1914-1918 |v Art and the war | |
| 650 | 0 | 7 | |0 (DE-588)4133965-4 |0 (DE-627)104805811 |0 (DE-576)209648287 |a Avantgarde |2 gnd |
| 650 | 0 | 7 | |0 (DE-588)4033422-3 |0 (DE-627)106257315 |0 (DE-576)209001933 |a Künste |2 gnd |
| 650 | 0 | 7 | |0 (DE-588)4053309-8 |0 (DE-627)104744138 |0 (DE-576)209103175 |a Schriftsteller |2 gnd |
| 650 | 0 | 7 | |0 (DE-588)4041300-7 |0 (DE-627)106219758 |0 (DE-576)209044373 |a Nationalismus |2 gnd |
| 651 | 7 | |0 (DE-588)4044660-8 |0 (DE-627)106204734 |0 (DE-576)209061790 |a Paris |2 gnd | |
| 689 | 0 | 0 | |d g |0 (DE-588)4044660-8 |0 (DE-627)106204734 |0 (DE-576)209061790 |a Paris |2 gnd |
| 689 | 0 | 1 | |d s |0 (DE-588)4133965-4 |0 (DE-627)104805811 |0 (DE-576)209648287 |a Avantgarde |2 gnd |
| 689 | 0 | 2 | |d s |0 (DE-588)4033422-3 |0 (DE-627)106257315 |0 (DE-576)209001933 |a Künste |2 gnd |
| 689 | 0 | 3 | |d s |0 (DE-588)4041300-7 |0 (DE-627)106219758 |0 (DE-576)209044373 |a Nationalismus |2 gnd |
| 689 | 0 | 4 | |a z |2 gnd |a Geschichte 1909-1924 |
| 689 | 0 | |5 (DE-627) | |
| 787 | 0 | 8 | |i Rezensiert in |a Ruckdeschel, Annabel |t [Rezension von: Thomas Hunkeler, Paris et le nationalisme des avant-gardes 1909-1924] |d 2023 |w (DE-627)1883084318 |
| 856 | 4 | 2 | |u https://swbplus.bsz-bw.de/bsz512028001inh.htm |m V:DE-576;B:DE-16 |q application/pdf |v 20181117153743 |3 Inhaltsverzeichnis |7 1 |
| 856 | 4 | 2 | |u http://swbplus.bsz-bw.de/bsz512028001inh.htm |m V:DE-576;B:DE-16 |q application/pdf |3 Inhaltsverzeichnis |7 1 |
| 935 | |a MZFRA | ||
| 935 | |i Blocktest | ||
| 936 | r | v | |a IH 1429 |b Einzelne Regionen und Mundarten |k Romanistik |k Französische Literatur im 20. und 21. Jahrhundert |k Französische Literatur im 20. Jahrhundert |k Literaturgeschichte |k Regionale Literaturgeschichte |k Einzelne Regionen und Mundarten |0 (DE-627)127110346X |0 (DE-625)rvk/56496: |0 (DE-576)20110346X |
| 936 | r | v | |a LM 10190 |b 20. Jahrhundert insgesamt |k Kunstgeschichte |k Kunst nach Ländern bzw. Kontinenten |k Frankreich |k Französische Kunstgeschichte einzelner Epochen |k 19. und 20. Jahrhundert |k 20. Jahrhundert |k 20. Jahrhundert insgesamt |0 (DE-627)1270651382 |0 (DE-625)rvk/101011: |0 (DE-576)200651382 |
| 936 | b | k | |a 20.30 |j Kunstgeschichte: Allgemeines |q DA3 |0 (DE-627)106410326 |
| 936 | s | n | |a l300 |2 mzub |
| 951 | |a BO | ||
| 990 | |a Paris | ||
| 990 | |a Avantgarde | ||
| 990 | |a Künste | ||
| 990 | |a Nationalismus | ||
| 990 | |a Geschichte 1909-1924 | ||
| 991 | |a Rezensiertes Werk | ||
| 999 | |a KXP-PPN1031190333 |e 4967447104 | ||


